Market activity stalls amid uncertainty over CAP (Record no. 72599)

MARC details
000 -LEADER
fixed length control field 01042cam a2200217 4500
001 - CONTROL NUMBER
control field WB3916-14
008 - FIXED-LENGTH DATA ELEMENTS--GENERAL INFORMATION
fixed length control field 030501n2003 000 0 eng u
035 ## - SYSTEM CONTROL NUMBER
System control number (Sirsi) u122157
245 ## - TITLE STATEMENT
Title Market activity stalls amid uncertainty over CAP
260 ## - PUBLICATION, DISTRIBUTION, ETC.
Date of publication, distribution, etc. 2003
490 ## - SERIES STATEMENT
Series statement RICS News Service
Volume/sequential designation (pr039) 1 May 2003, (2)
520 ## - SUMMARY, ETC.
Summary, etc. Latest RICS Rural Land Market Survey for Great Britain is published and shows land sales are low and the value of land continues to fluctuate greatly in an unsteady market. The average price of farmland per hectare rose from £6 404 to £7 912 per hectare between January and March 2003, with the higher prices being recorded in the bare land sections of the market. For the News release: http://www.rics.org/ricscms/bin/show?class=PressRelease&template=/includes/showpr.html&id=910
590 ## - LOCAL NOTE (RLIN)
Local note WB
650 ## - SUBJECT ADDED ENTRY--TOPICAL TERM
Topical term or geographic name entry element RURAL LAND
650 ## - SUBJECT ADDED ENTRY--TOPICAL TERM
Topical term or geographic name entry element SALE ACTIVITY
650 ## - SUBJECT ADDED ENTRY--TOPICAL TERM
Topical term or geographic name entry element CAP GRANTS
650 ## - SUBJECT ADDED ENTRY--TOPICAL TERM
Topical term or geographic name entry element FARMLAND PRICES
650 ## - SUBJECT ADDED ENTRY--TOPICAL TERM
Topical term or geographic name entry element AGRICULTURAL MARKET
690 ## - LOCAL SUBJECT ADDED ENTRY--TOPICAL TERM (OCLC, RLIN)
Topical term or geographic name as entry element RURAL-AGRICULTURE AND FORESTRY
942 ## - ADDED ENTRY ELEMENTS (KOHA)
Suppress in OPAC 0
Holdings
Withdrawn status Lost status Source of classification or shelving scheme Damaged status Not for loan Home library Current library Shelving location Date acquired Total Checkouts Full call number Barcode Date last seen Copy number Price effective from Koha item type
    Dewey Decimal Classification     London London News article 01/05/2003   WB3916-14 122157-1001 06/08/2019 1 06/08/2019 News article